Quiz zur Stadt Worms - Statistiken

Allgemein
  • Dieses Quiz wurde 45 mal gespielt
  • Das Durchschnittsergebnis liegt bei 16 aus 26
Antwortstatistiken
Bildquiz Hint Antwort % Korrekt
Fluss an dem Worms liegt Rhein
100%
Bundesland auf der anderen Seite des Flusses Hessen
97%
Bundesland Rheinland-Pfalz
97%
dieser Reformator war 1518 in Worms Martin Luther
92%
Diese Stadt streitet sich mit Worms um das Alter Trier
89%
Stadt ca. 50km nördlich Mainz
81%
Deutschlandweit bekannte alljährliche Festspiele Nibelungen-Festspiele
81%
Sage, die hier gespielt haben soll Nibelungensage
81%
Stadt mit dem südlichsten der drei romanischen Kaisersdome Speyer
76%
größter/bekanntester Fußballverein VfR 08 Wormatia Worms
73%
Stadt ca. 30 km südlich Ludwigshafen am Rhein
68%
Weinanbaugebiet zu dem Worms gehört Rheinhessen
65%
Einwohnerzahl von Worms auf 1.000 gerundet (Stand 31.12.2022) 85000
62%
Region, die südwestlich von Worms beginnt Pfalz
62%
Hauptheld der Sage Siegfried von Xanten
62%
Alljährliches Volksfest/größtes Weinfest am Rhein Backfischfest
46%
Diese Mannheimer Privatbrauerei braute ihr Bier von 1929-1978 in Worms und konnte nur so überleben Eichbaum
46%
Er warf den sagenumwobenen Schatz in den Rhein Hagen
43%
Dieser Nationaltorwart wurde in Worms geboren Timo Hildebrand
41%
Bedeutender Schauplatz der Reformation (Vatikanischer Namensvetter) Dom St. Peter
35%
Seit 1991 stattfindendes Festival mit sehr bekannten Hauptacts, wie: Sportfreunde Stiller, Sarah Conner, Max Giesinger; Jan Delay uvm. Worms: Jazz & Joy
35%
Weltweit sehr erfolgreiches Chemieunternehmen für Folierungen aller Art RENOLIT SE
32%
Dieses Material wurde sehr lange in Worms hergestellt und u.a. nach Amerika exportiert Leder
27%
Was fand an diesem Ort im Jahre 1518 statt? Reichstag zu Worms
27%
Mineralölwerk mit Hauptsitz in Worms; Sponsor diverser Bundesliga/2.Bundesligavereine darunter BVB; M05; Darmstadt98, St.Pauli u. Atletico Madrid ROWE
24%
Ältester jüdischer Friedhof Europas/seit 2021 UNESCO-Weltkulturerbe Heiliger Sand
22%
Keine übereinstimmenden Quizze gefunden
Verteilung der Resultate
Anzahl Personen mit jedem Resultat
Perzentil nach korrekt beantworteten Fragen
Ihre Resultats-Entwicklung
Sie haben dieses Quiz noch nicht gespielt